000 01390nam0a2200325 4500
001 RU\NLR\bibl\523684
005 20250609145454.0
010 _a5-9518-0058-7
_93000
021 _aRU
_b2004-23238
_91174
035 _a(NLR Aleph) 000516076
090 _a1263582
_c1263582
100 _a20040526d2004 |||y0rusy50 ca
101 1 _arus
_ceng
102 _aRU
105 _aa |||||||||
200 1 _aСекреты клинической диагностики
_fСальваторе Манджони
_gПер. с англ.: [Д. Абдурахманов и др.]
_gПод ред. д.м.н., проф. А.В. Струтынского, к.м.н., доц. Ю.П. Гапоненкова
210 _aМ.
_cБИНОМ
_d2004
215 _a604 с.
_cил.
_d25
300 _aЗагл. и авт. ориг.: Physical diagnosis secrets / Salvatore Mangione
320 _aБиблиогр. в конце гл.
320 _aПредм. указ.: с. 591-604
454 0 _12001#$aPhysical diagnosis secrets
_1700#1$aMangione$bS.$gSalvatore$4070
_tPhysical diagnosis secrets
_aMangione, Salvatore
606 0 _aКлиническая диагностика
_91052092
_3RU\NLR\auth\6688756
686 _aР343
700 1 _aМанджони
_bС.
_gСальваторе
_4070
801 0 _aRU
_bNLR
_c20040526
_gPSBO
801 1 _aRU
_bNLR
_c20040526
942 _cBOOK
980 _aNB